El flujograma de señal en el análisis de sistemas lineales (Record no. 134043)

MARC details
000 -LEADER
campo de control de longitud fija 00699nam a2200205 i 4500
001 - NÚMERO DE CONTROL
campo de control 134043
003 - IDENTIFICADOR DE NÚMERO DE CONTROL
campo de control ES-MaACL
005 - FECHA Y HORA DE LA ÚLTIMA TRANSACCIÓN
campo de control 20230906194603.0
007 - CAMPO FIJO DE DESCRIPCIÓN FÍSICA--INFORMACIÓN GENERAL
campo de control de longitud fija t|
008 - DATOS DE LONGITUD FIJA--INFORMACIÓN GENERAL
campo de control de longitud fija 070905s1970 sp ||||1| spa d
100 1# - ENTRADA PRINCIPAL--NOMBRE DE PERSONA
Nombre de persona Ward, John R.
9 (RLIN) 116079
245 13 - MENCIÓN DEL TÍTULO
Título El flujograma de señal en el análisis de sistemas lineales
Resto del título : (texto programado) /
Mención de responsabilidad, etc. John R. Ward, Robert D. Strum ; [traducido por J.G. Barquero].
260 ## - PUBLICACIÓN, DISTRIBUCIÓN, ETC.
Lugar de publicación, distribución, etc. Madrid :
Nombre del editor, distribuidor, etc. Paraninfo,
Fecha de publicación, distribución, etc. 1970.
300 ## - DESCRIPCIÓN FÍSICA
Extensión 161 p. :
Otras características físicas il. ;
Dimensiones 21 cm.
650 #4 - PUNTO DE ACCESO ADICIONAL DE MATERIA--TÉRMINO DE MATERIA
Término de materia o nombre geográfico como elemento de entrada Análisis de sistemas.
9 (RLIN) 9763
650 #4 - PUNTO DE ACCESO ADICIONAL DE MATERIA--TÉRMINO DE MATERIA
Término de materia o nombre geográfico como elemento de entrada Sistemas lineales.
9 (RLIN) 17141
700 1# - ENTRADA AGREGADA--NOMBRE PERSONAL
Nombre de persona Strum, Robert D.
9 (RLIN) 108465
700 1# - ENTRADA AGREGADA--NOMBRE PERSONAL
Nombre de persona Gómez Barquero, Joaquín.
9 (RLIN) 57829
852 ## - LOCALIZACIÓN
Ubicación ES-MaACL
Número de control de estantería C-39593
Holdings
Estatus retirado Estado de pérdida Estado de daño No para préstamo Biblioteca de origen Biblioteca actual Ubicación en estantería Fecha de adquisición Fuente de adquisición Total de préstamos Signatura topográfica completa Código de barras Visto por última vez Precio de reemplazo Tipo de ítem Koha
        Biblioteca del Ateneo de Madrid Biblioteca del Ateneo de Madrid Depósito 2 17/01/2008     C-39593 1139532 23/02/2023 23/02/2023 Libro impreso